GBR - Gelnický banský revír útroby krížovej žily. O banských pamiatkach, histórii a ľuďoch, ktorí ju písali Časť štvrtá

Bibliographic Details
Main Author: Slivenský, Štefan (Author)
Format: Article
Language:Slovak
PhysicalDescription:Fotogr.
ISSN:1335-3284
Subjects:

MARC

LEADER 00000nab a2200000 ar4500
001 vtls011532886
003 SK-MaSNL
005 20260303094316.0
008 170922c 2014xo mr|p|||||||000 b|slo
038 |a SNSK 
040 |b slo  |c SNSK  |e AACR2 
041 |a slo 
044 |a xo  |c SK 
080 |a 622.3  |x (437.6)  |x (091)  |2 2001 
100 1 |a Slivenský, Štefan  |4 aut  |9 1091814 
245 1 0 |a GBR - Gelnický banský revír  |b útroby krížovej žily. O banských pamiatkach, histórii a ľuďoch, ktorí ju písali  |n Časť štvrtá  |c Štefan Slivenský 
300 |b Fotogr. 
610 2 7 |a Gelnický banský revír (Gelnica, Slovensko)  |2 snsk  |9 1106442 
650 0 7 |a technické pamiatky  |2 snsk  |9 21763 
650 0 7 |a železorudné bane  |2 snsk  |9 308006 
651 7 |a Gelnica (Slovensko)  |2 snsk  |9 16801 
651 7 |a Gelnica (Slovensko : okres)  |2 snsk  |9 168677 
773 0 |t Gelničan : dvojmesačník občanov Gelnice  |g Č. 7/8 (júl - august 2014), s. 16-17  |x 1335-3284 
852 |a SNSK  |b KIS3GCP 
999 |c 1820005  |d 1821935